000 00853nac a22002417a 4500
001 BR7906909
003 BR-BrBNA
005 20240105114530.0
008 230509b bl.|||m| |||| 00| 0 por d
040 _aBR-BrBNA
_bpor
_cBiblioteca Nacional de Agricultura
072 _aE10; E30
090 _aE10 BR7906909
110 1 _aBanco Nacional de Desenvolvimento Economico, Rio de Janeiro, RJ (Brasil)
_91213
245 1 _aRelatorio das atividades 1978 [Banco Nacional do Desenvolvimento Economico; Brasil]
260 3 _aRio de Janeiro, RJ (Brasil):
_c1979.
300 _a36 p.
490 _aRelatorio - Banco Nacional de Desenvolvimento Economico (Brazil)
_v
_x
650 _aPROJETO DE DESENVOLVIMENTO
650 _aDESENVOLVIMENTO ECONOMICO
650 _aFINANCIAMENTO
909 _a202312
_bLúcia Elande
_c55
_dLúcia Elande
942 _2AGRIS
_n0
_cMS
999 _c269879
_d269879